[Event "Gujarat op 2nd"]
[Site "Ahmedabad"]
[Date "2019.09.29"]
[Round "10"]
[White "Murshed, Niaz"]
[Black "Katdare, Jayant C"]
[Result "1-0"]
[WhiteElo "2405"]
[BlackElo "2046"]
[PlyCount "65"]
[EventDate "2019.09.22"]
[EventType "swiss"]
[EventRounds "10"]
[EventCountry "IND"]
[SourceTitle "EXT 2020"]
[Source "ChessBase"]
[SourceDate "2019.10.17"]
[SourceVersion "1"]
[SourceVersionDate "2019.10.17"]
[SourceQuality "1"]

1. d4 Nf6 2. c4 e6 3. Nf3 d5 4. g3 Bb4+ 5. Bd2 Be7 6. Bg2 0-0 7. 0-0 c6 8. Qc2 b6 9. Rd1 Bb7 10. b3 Na6 11. Nc3 Rc8 12. a3 c5 13. Nb5 Ra8 14. Bf4 Nh5 15. Be3 Nc7 16. Nc3 Rc8 17. dxc5 bxc5 18. Ne5 Bd6 19. f4 Nf6 20. h3 Qe7 21. Bf2 Rfd8 22. Ng4 Ne4 23. cxd5 exd5 24. Nxe4 dxe4 25. Ne3 g6 26. Nc4 Ne6 27. e3 f5 28. Be1 Nd4 29. exd4 cxd4 30. Qb2 Bc5 31. b4 d3+ 32. bxc5 Qxc5+ 33. Bf2 1-0

[Event "IND-ch"]
[Site "India"]
[Date "1988.??.??"]
[Round "?"]
[White "Katdare, Jayant C"]
[Black "Anand, Viswanathan"]
[Result "0-1"]
[WhiteElo "2270"]
[BlackElo "2520"]
[PlyCount "76"]
[EventDate "1988.??.??"]
[EventType "tourn"]
[EventRounds "19"]
[EventCountry "IND"]
[EventCategory "4"]
[SourceTitle "EXT 1997"]
[Source "ChessBase"]
[SourceDate "1996.11.15"]
[SourceVersion "1"]
[SourceVersionDate "1996.11.15"]
[SourceQuality "1"]

1. e4 e5 2. Nf3 Nc6 3. Bb5 Nf6 4. Qe2 d6 5. d4 Bd7 6. c3 Be7 7. 0-0 0-0 8. h3 a6 9. Bc4 h6 10. Rd1 Qe8 11. a3 Bd8 12. Bd3 Nh7 13. Nbd2 Bf6 14. Nb3 a5 15. Be3 Ng5 16. Nxg5 Bxg5 17. Nd2 Bxe3 18. Qxe3 a4 19. f4 Qe7 20. dxe5 dxe5 21. f5 Na5 22. Rf1 f6 23. Nf3 Rfd8 24. Rad1 Be8 25. Nh2 Bf7 26. Rf3 Nb3 27. Kh1 Nc5 28. Rg3 Nxd3 29. Rxd3 Rxd3 30. Qxd3 Rd8 31. Qe2 Qd6 32. Ng4 Qd1+ 33. Qxd1 Rxd1+ 34. Kh2 Kf8 35. Ne3 Rd2 36. c4 c6 37. Nf1 Rxb2 38. Rc3 Rb3 0-1

[Event "IND-ch"]
[Site "India"]
[Date "1988.??.??"]
[Round "?"]
[White "Katdare, Jayant C"]
[Black "Mishra, Neeraj Kumar"]
[Result "0-1"]
[WhiteElo "2270"]
[BlackElo "2335"]
[PlyCount "56"]
[EventDate "1988.??.??"]
[EventType "tourn"]
[EventRounds "19"]
[EventCountry "IND"]
[EventCategory "4"]
[SourceTitle "EXT 1997"]
[Source "ChessBase"]
[SourceDate "1996.11.15"]
[SourceVersion "1"]
[SourceVersionDate "1996.11.15"]
[SourceQuality "1"]

1. e4 e5 2. Nf3 Nc6 3. Bb5 a6 4. Ba4 Be7 5. d4 exd4 6. Nxd4 Nxd4 7. Qxd4 c5 8. Qxg7 Bf6 9. Qg3 b5 10. e5 Qe7 11. 0-0 Bxe5 12. f4 Bd4+ 13. Kh1 Nf6 14. c3 Bb7 15. cxd4 Rg8 16. Re1 Bxg2+ 17. Kg1 Be4 18. Qxg8+ Nxg8 19. Nc3 f5 20. Nxe4 fxe4 21. Bc2 d5 22. Be3 0-0-0 23. Kh1 Nh6 24. a4 b4 25. Rad1 c4 26. Rd2 Rg8 27. Bd1 Nf5 28. h3 Qh4 0-1

[Event "IND-ch"]
[Site "India"]
[Date "1988.??.??"]
[Round "?"]
[White "Katdare, Jayant C"]
[Black "Thipsay, Praveen Mahadeo"]
[Result "0-1"]
[WhiteElo "2270"]
[BlackElo "2420"]
[PlyCount "112"]
[EventDate "1988.??.??"]
[EventType "tourn"]
[EventRounds "19"]
[EventCountry "IND"]
[EventCategory "4"]
[SourceTitle "EXT 1997"]
[Source "ChessBase"]
[SourceDate "1996.11.15"]
[SourceVersion "1"]
[SourceVersionDate "1996.11.15"]
[SourceQuality "1"]

1. e4 e5 2. Nf3 Nc6 3. Bc4 Nf6 4. d3 Be7 5. 0-0 0-0 6. c3 d6 7. h3 h6 8. Re1 Na5 9. Bb3 Nxb3 10. axb3 c6 11. Nbd2 Be6 12. b4 Qc7 13. d4 a6 14. Qe2 Rfd8 15. Nf1 Bf8 16. Ng3 g6 17. Be3 Kh7 18. Kh1 Re8 19. Qd2 Rad8 20. Qc2 Bc8 21. Rad1 Bg7 22. dxe5 dxe5 23. Rxd8 Rxd8 24. Rd1 Rxd1+ 25. Qxd1 Be6 26. Qd3 Nd7 27. Nd2 c5 28. bxc5 Nxc5 29. Qc2 Bf8 30. Ne2 Bd6 31. Nc1 Qc6 32. f3 Qa4 33. b3 Qa3 34. Nb1 Qa1 35. Kh2 a5 36. Nd2 b5 37. Nd3 Nxd3 38. Qxd3 Be7 39. Qxb5 Qxc3 40. Nc4 Bxc4 41. Qxc4 Qxc4 42. bxc4 a4 43. c5 a3 44. c6 Bd6 45. Bc1 a2 46. Bb2 Kg8 47. g3 Kf8 48. Kg2 Ke7 49. f4 f6 50. Kf3 Ke6 51. h4 Bc7 52. h5 gxh5 53. f5+ Kd6 54. Ke2 Bb6 55. Kd3 Bd4 56. Kc2 Kxc6 0-1

[Event "IND-ch"]
[Site "India"]
[Date "1988.??.??"]
[Round "?"]
[White "Murugan, Krishnamoorthy"]
[Black "Katdare, Jayant C"]
[Result "1/2-1/2"]
[WhiteElo "2325"]
[BlackElo "2270"]
[PlyCount "83"]
[EventDate "1988.??.??"]
[EventType "tourn"]
[EventRounds "19"]
[EventCountry "IND"]
[EventCategory "4"]
[SourceTitle "EXT 1997"]
[Source "ChessBase"]
[SourceDate "1996.11.15"]
[SourceVersion "1"]
[SourceVersionDate "1996.11.15"]
[SourceQuality "1"]

1. e4 c5 2. Nf3 e6 3. d3 Nc6 4. g3 Nge7 5. Bg2 d5 6. Nbd2 g6 7. 0-0 Bg7 8. Re1 0-0 9. c3 b6 10. e5 Qc7 11. Qe2 Ba6 12. Nf1 Rad8 13. h4 b5 14. N1h2 d4 15. cxd4 Nxd4 16. Nxd4 Rxd4 17. Be3 Rd7 18. f4 Nf5 19. Rac1 Nxg3 20. Qf2 Nf5 21. Bxc5 Rc8 22. Be4 Bb7 23. Nf3 a6 24. h5 Bd5 25. b4 Qd8 26. hxg6 fxg6 27. Qh2 Bf8 28. Ng5 Bxc5+ 29. bxc5 Rdc7 30. Bxf5 gxf5 31. Re3 Rg7 32. Kf2 Qa5 33. Rc2 Qb4 34. c6 Qd4 35. Qh4 a5 36. Rd2 Qb4 37. Ke2 a4 38. Rg3 Qe7 39. Qh6 Kh8 40. Qf6 Rxc6 41. Nf7+ Qxf7 42. Rxg7 1/2-1/2